1889 1429 1863 1786 1556 1787 1986 1758 1466 1763 1145 1471 1866 1494 1873 1112 1532 1947 1209 1183 1778 1232 1464 1761 1725 1211 1312 1577 1281 1359 1906 1915 1013 1832 1594 1987 1985 1135 1208 1379 1419 1804 1272 1910 1452 1706 1741 1794 1482 1976 1641 1447 1180 1074 1479 1321 1042 1630 1505 1869 1808 1314 1195 1302 1734 1752 1240 1000 1782 1809 1527 1158 1254 1885 1328 1717 1327 1685 1138 1198 1265 1246 1149 1927 1320 1191 1866 1417 1138 1880 1054 1603 1627 1904 1275 1636 1053 1045 1128 BCNSPRNW ULIB Ver.6.0+V

เปลี่ยนเป็นภาษาไทย

Change to English
 แสดงรายละเอียดบรรณานุกรม
  กลับหน้าหลัก

Brief Record : Get Marc (ISO 2709) : E-mail record : QR code < ปิดหน้าต่าง
LEADER : 00000nam 2200000uu 4500
001    13399123743
003     ULIB
008    141125s2554||||th 000 0 tha d
020    ^a9786165051231 (ล.2)
060 04 ^aWY160^bม246ก ล.2
110 2  ^aมหาวิทยาลัยสุโขทัยธรรมาธิราช. ^bสาขาวิชาพยาบาลศาสตร์
245 10 ^aการส่งเสริมสุขภาพจิตและการพยาบาลจิตเวช หน่วยที่ 8-15=^bMental healthpromotion and psychiatric nursing /^cสาขาวิชาพยาบาลศาสตร์ มหาวิทยาลัยสุโขทัยธรรมาธิราช
250    ^aพิมพ์ครั้งที่ 13
260    ^aนนทบุรี :^bสำนักพิมพ์มหาวิทยาลัยสุโขทัยธรรมาธิราช,^c2554
300    ^a478 หน้า. ;^c30 ซม.
500    ^a^เอกสารการสอนชุดวิชา 51102 หน่วยที่ 8-15
650  7 ^aการพยาบาลจิตเวชศาสตร์
650  7 ^aการส่งเสริมสุขภาพจิต
945    ^p350^l0^i21843
945    ^p350^l0^i21844
945    ^p350^l0^i21845
945    ^p350^l0^i21846
945    ^p350^l0^i21847
999    ^aทศพร เกษรทอง
รายการนี้ยังไม่มีแท็ก
คุณยังไม่ได้ล็อกอิน คุณสามารถมีกิจกรรมร่วมกับเว็บไซต์ได้ แต่ต้องล็อกอินก่อน ::
  ล็อกอิน

รายการสื่อสารสนเทศ

ลำดับที่ ประเภท เลขเรียก/บาร์โค้ด สถานที่ สถานะ
1. Book การพยาบาล
Book การพยาบาล
สถานะ=หนังสือเก่า
WY160 ม246ก ล.2 ฉ.1 
  Barcode: 21843
ห้องสมุดวิทยาเขตนครสวรรค์
►ส่วนจัดเก็บหนังสือเก่า นว.
บนชั้น
  ขอยืม
2. Book การพยาบาล
Book การพยาบาล
สถานะ=หนังสือเก่า
WY160 ม246ก ล.2 ฉ.2 
  Barcode: 21844
ห้องสมุดวิทยาเขตนครสวรรค์
►ส่วนจัดเก็บหนังสือเก่า นว.
บนชั้น
  ขอยืม
3. Book การพยาบาล
Book การพยาบาล
สถานะ=หนังสือเก่า
WY160 ม246ก ล.2 ฉ.3 
  Barcode: 21845
ห้องสมุดวิทยาเขตนครสวรรค์
►ส่วนจัดเก็บหนังสือเก่า นว.
บนชั้น
  ขอยืม
4. Book การพยาบาล
Book การพยาบาล
สถานะ=หนังสือเก่า
WY160 ม246ก ล.2 ฉ.4 
  Barcode: 21846
ห้องสมุดวิทยาเขตนครสวรรค์
►ส่วนจัดเก็บหนังสือเก่า นว.
บนชั้น
  ขอยืม
5. Book การพยาบาล
Book การพยาบาล
สถานะ=หนังสือเก่า
WY160 ม246ก ล.2 ฉ.5 
  Barcode: 21847
ห้องสมุดวิทยาเขตนครสวรรค์
►ส่วนจัดเก็บหนังสือเก่า นว.
บนชั้น
  ขอยืม

รายการใกล้เคียง
    หัวเรื่อง [การพยาบาลจิตเวชศาสตร์]
    หัวเรื่อง [การส่งเสริมสุขภาพจิต]

BibComment


ยังไม่เคยถูกคอมเมนท์

คอมเมนท์ทรัพยากรรายการนี้
  คอมเมนท์: การส่งเสริมสุขภา..


 Copyright 2026. Bcnsprnw @Library